000 01360cab a2200265 4500
001 ABS37245
008 090401t1986 xxu||||| |||| 00| 0 eng d
035 _a(Sirsi) u3197
041 _aeng
100 _aSyms, P.
245 _aRe-using redundant premises
260 _c1986
350 _a0
490 _aEstates Gazette
_v280 (6313) 6 December 1986,1210 (1)
520 _aExamines the results of a study, undertaken in Manchester in the first half of 1985,into the demand for manufacturing and warehouse premises in an older industrial conurbation. It attempts to draw conclusions upon which future policy decisions may be based. Two schools of thought are examined to solve the oversupply of vacant industrial accommodation. The first favours demolition with resulting sites being developed for alternative uses , not necessarily industrial. The second argument says that demolition causes depressed areas to be denied accommodation to cater for an upturn in the economy and thus the older industrial areas would not receive new replacement industries.(Taken from Journal Abstract.)
650 _aCONVERSION
650 _aDERELICT LAND
650 _aFACTORIES
650 _aINDUSTRIAL PROPERTY
650 _aINDUSTRIAL SPACE
650 _aREDUNDANT BUILDINGS
690 _aPROPERTY-COMMERCIAL PROPERTY
942 _n0
948 _c04/03/1997
999 _c1951
_d1951